Представление документа в формате RUSMARC

ПолеНазваниеЗначение
  Тип записи a
  Библиографический уровень m
001 Контрольный номер RU/УОНБ/EK/495106692
005 Дата корректировки 20250520121950.1
010 Индекс ISBN __
a ISBN 978-5-4438-0705-8
d Цена 542 р.
9 Тираж 2000 экз.
b Уточнения в пер.
100 Данные общей обработки __
a Данные общей обработки 20150909d2015 u y0rusy0189||||ca
101 Язык документа 0_
a Язык текста rus
102 Страна публикации __
a Страна публикации RU
105 Кодированные данные (монография) __
a Кодированные данные (монография) a z 000yb
200 Заглавие и сведения об ответственности 1_
a Заглавие Лев Яшин. Легендарный вратарь
f Первые сведения об ответственности А.М. Соскин
210 Выходные данные 1_
a Место издания Москва
c Издательство Алгоритм
d Дата издания 2014
215 Физическое описание __
a Объем 349, [2] с.
c Иллюстрации/тип воспроизводства ил.
d Формат 21 см
225 Серия 1_
a Серия Легенды нашего спорта
300 Общие примечания __
a Общие примечания 16+
600 Персоналии _1
a Персоналии (Фамилия) Яшин, Лев Иванович
606 Тематические рубрики 0_
a Основная рубрика Футбол в СССР
610 Ключевые слова 0_
a Ключевые слова Яшин Л.И.
610 Ключевые слова 0_
a Ключевые слова футбол в СССР
686 Индексы других классификаций __
a Классификационный индекс 75.578
2 Код системы rubbk
700 Автор _1
a Фамилия Соскин
b Имя (инициалы) А.М.
g Полное личное имя Александр Максимович
801 Источник записи _0
a Страна RU
b Организация Ульяновская ОНБ
c Дата составления 20150909
g Правила каталогизации RCR
801 Источник записи _1
a Страна RU
b Организация Ульяновская ОНБ
c Дата составления 20150909
g Правила каталогизации RCR
901 Тип документа __
t Тип документа m
909 Создатель записи __
a Создатель записи Мейснер
b Дата создания записи 20151111
938 Служебная информация __
a Имя БД books
b Имя библиотеки УОНБ
c Имя АИБС МАРК-SQL
d Номер DOC_ID в БД 315204